Financial performance of rubber estates in 1979 (Record no. 59413)

MARC details
000 -LEADER
fixed length control field 00301nam a2200121Ia 4500
100 ## - MAIN ENTRY--AUTHOR NAME
Personal name Loh Y Y
245 #0 - TITLE STATEMENT
Title Financial performance of rubber estates in 1979
260 ## - PUBLICATION, DISTRIBUTION, ETC. (IMPRINT)
Name of publisher Planters Bulletin
Year of publication 1982
300 ## - PHYSICAL DESCRIPTION
Number of Pages 50-58
700 ## - ADDED ENTRY--PERSONAL NAME
Personal name Hai L F
942 ## - ADDED ENTRY ELEMENTS (KOHA)
Koha item type Journals
Holdings
Withdrawn status Lost status Damaged status Not for loan Home library Current library Shelving location Date acquired Serial Enumeration / chronology Koha item type
      Journals RRII Library RRII Library Agricultural economics 17/12/2021 Volume 171, Issue Journals